Central Library and Information Centre
Sibsagar Girls' College, Sivasagar : Assam

ARID ZONE ECOLOGY (Record no. 9441)

MARC details
000 -LEADER
fixed length control field 00411cam a2200181ua 4500
008 - FIXED-LENGTH DATA ELEMENTS--GENERAL INFORMATION
fixed length control field 190425n1991 II |||gr||||Z||||||eng
040 ## - CATALOGING SOURCE
Original cataloging agency MAIN
041 ## - LANGUAGE CODE
-- English
082 ## - DEWEY DECIMAL CLASSIFICATION NUMBER
Classification number 590 SAX
100 ## - MAIN ENTRY--PERSONAL NAME
Personal name SAXENA, N. B.
245 ## - TITLE STATEMENT
Title ARID ZONE ECOLOGY
260 ## - PUBLICATION, DISTRIBUTION, ETC.
Place of publication, distribution, etc. MEERUT
Name of publisher, distributor, etc. PRAGATI PRAKASHAN
Date of publication, distribution, etc. 1991
300 ## - PHYSICAL DESCRIPTION
Extent 191.
700 ## - ADDED ENTRY--PERSONAL NAME
Personal name SAXENA, SHAMENDRA.
942 ## - ADDED ENTRY ELEMENTS (KOHA)
Koha item type Books
653 ## - INDEX TERM--UNCONTROLLED
Uncontrolled term Animals (Zoology)
Holdings
Withdrawn status Lost status Damaged status Not for loan Collection code Home library Current library Shelving location Date acquired Full call number Barcode Date last seen Copy number Price effective from Koha item type Public note
        Environmental science Central Library and Information Centre Sibsagar Girls College Central Library and Information Centre Sibsagar Girls College Environmental Sc Rack 21.07.2000 590 SAX 16296 27.02.2020 1 27.02.2020 Books V
        Environmental science Central Library and Information Centre Sibsagar Girls College Central Library and Information Centre Sibsagar Girls College Environmental Sc Rack 21.07.2000 590 SAX 16297 27.02.2020 2 27.02.2020 Books V


Sibsagar Girl's College © 2020. All rights reserved.
Powered by Koha.
Maintained by Abhijit Borpuzari.